Pokémon TCG Pocket - Choc Spatio-Temporel - Statistiques

Statistiques générales
  • Ce quiz a été pris 35 fois
  • Le résultat moyen est 135 sur 207
Statistiques - réponses
Numéro Nom de la carte Rareté Type de quiz Booster d'obtention % Correct
011 Boskara ◆◆ Plante Palkia
100%
012 Torterra ◆◆◆ Plante Palkia
100%
010 Tortipouss Plante Palkia
100%
136 Castorno Incolore Dialga
82%
109 Darkrai ◆◆◆ Obscurité Dialga
82%
119 Dialga EX ◆◆◆◆ Métal Dialga
82%
188 Dialga EX ★★ Métal Dialga
82%
205 Dialga EX ★★★ Métal Dialga
82%
207 Dialga EX Métal Dialga/Palkia
82%
135 Keunotor Incolore Dialga
82%
177 Keunotor Incolore Dialga
82%
023 Magmar Feu Palkia
82%
027 Ouisticram Feu Palkia
82%
049 Palkia EX ◆◆◆◆ Eau Palkia
82%
182 Palkia EX ★★ Eau Palkia
82%
204 Palkia EX ★★★ Eau Palkia
82%
206 Palkia EX Eau Dialga/Palkia
82%
029 Simiabraz EX ◆◆◆◆ Feu Palkia
82%
197 Simiabraz EX ★★ Feu Palkia
82%
123 Carchacrok ◆◆◆ Dragon Palkia
77%
175 Carchacrok Dragon Palkia
77%
122 Carmache ◆◆ Dragon Palkia
77%
028 Chimpenfeu ◆◆ Feu Palkia
77%
079 Cresselia ◆◆◆ Psy Palkia
77%
168 Cresselia Psy Palkia
77%
110 Darkrai EX ◆◆◆◆ Obscurité Dialga
77%
187 Darkrai EX ★★ Obscurité Dialga
77%
202 Darkrai EX ★★ Obscurité Dialga
77%
099 Dimoret EX ◆◆◆◆ Obscurité Palkia
77%
186 Dimoret EX ★★ Obscurité Palkia
77%
201 Dimoret EX ★★ Obscurité Palkia
77%
057 Élekable ◆◆◆ Électrique Dialga
77%
134 Étouraptor ◆◆ Incolore Palkia
77%
176 Étouraptor Incolore Palkia
77%
132 Étourmi Incolore Palkia
77%
133 Étourvol Incolore Palkia
77%
098 Farfuret Obscurité Palkia
77%
078 Giratina ◆◆◆ Psy Palkia
77%
167 Giratina Psy Palkia
77%
121 Griknot ◆◆ Dragon Palkia
77%
120 Heatran ◆◆◆ Métal Dialga
77%
174 Heatran Métal Dialga
77%
058 Lixy Électrique Dialga
77%
163 Lixy Électrique Dialga
77%
059 Luxio ◆◆ Électrique Dialga
77%
060 Luxray ◆◆◆ Électrique Dialga
77%
024 Maganon ◆◆◆ Feu Palkia
77%
062 Motisma Électrique Palkia
77%
164 Motisma Électrique Palkia
77%
030 Motisma chaleur Feu Dialga/Palkia
77%
048 Motisma Froid Eau Dialga/Palkia
77%
142 Motisma Hélice Incolore Dialga/Palkia
77%
047 Motisma Lavage Eau Dialga/Palkia
77%
021 Motisma Tonte Plante Dialga/Palkia
77%
061 Pachirisu EX ◆◆◆◆ Électrique Dialga
77%
183 Pachirisu EX ★★ Électrique Dialga
77%
198 Pachirisu EX ★★ Électrique Dialga
77%
037 Pingoléon ◆◆◆ Eau Palkia
77%
036 Prinplouf ◆◆ Eau Palkia
77%
040 Sancoki Eau Palkia
77%
035 Tiplouf Eau Palkia
77%
006 Yanma Plante Dialga
77%
089 Charkos ◆◆◆ Combat Dialga
73%
125 Coudlangue EX ◆◆◆◆ Incolore Palkia
73%
189 Coudlangue EX ★★ Incolore Palkia
73%
203 Coudlangue EX ★★ Incolore Palkia
73%
077 Créfadet ◆◆ Psy Dialga/Palkia
73%
076 Créfollet ◆◆◆ Psy Dialga/Palkia
73%
166 Créfollet Psy Dialga
73%
075 Créhelf ◆◆ Psy Dialga/Palkia
73%
056 Élektek Électrique Dialga
73%
124 Excelangue Incolore Palkia
73%
095 Gallame EX ◆◆◆◆ Combat Dialga
73%
185 Gallame EX ★★ Combat Dialga
73%
200 Gallame EX ★★ Combat Dialga
73%
088 Kranidos ◆◆ Combat Dialga
73%
067 Magirêve EX ◆◆◆◆ Psy Palkia
73%
184 Magirêve EX ★★ Psy Palkia
73%
199 Magirêve EX ★★ Psy Palkia
73%
053 Magnézone ◆◆◆ Électrique Dialga/Palkia
73%
050 Manaphy ◆◆◆ Eau Palkia
73%
162 Manaphy Eau Palkia
73%
020 Phyllali ◆◆◆ Plante Dialga
73%
022 Shaymin ◆◆◆ Plante Dialga
73%
159 Shaymin Plante Dialga
73%
181 Simiabraz EX ★★ Feu Palkia
73%
041 Tritosor ◆◆ Eau Palkia
73%
161 Tritosor Eau Palkia
73%
007 Yanméga EX ◆◆◆◆ Plante Dialga
73%
180 Yanméga EX ★★ Plante Dialga
73%
196 Yanméga EX ★★ Plante Dialga
73%
018 Apireine ◆◆ Plante Dialga
68%
017 Apitrini Plante Dialga
68%
157 Apitrini Plante Dialga
68%
114 Bastiodon ◆◆◆ Métal Palkia
68%
140 Chaffreux ◆◆ Incolore Palkia
68%
139 Chaglam Incolore Palkia
68%
178 Chaglam Incolore Palkia
68%
013 Crikzik Plante Palkia
68%
113 Dinoclier ◆◆ Métal Palkia
68%
066 Feuforêve Psy Palkia
68%
046 Givrali ◆◆◆ Eau Palkia
68%
150 Hélio ◆◆ Supporter Palkia
68%
190 Hélio ★★ Supporter Palkia
68%
069 Kirlia Psy Dialga
68%
051 Magnéti Électrique Dialga/Palkia
68%
052 Magnéton ◆◆ Électrique Dialga/Palkia
68%
103 Moufflair ◆◆ Obscurité Dialga
68%
102 Moufouette Obscurité Dialga
68%
038 Mustébouée Eau Dialga/Palkia
68%
039 Mustéflott ◆◆ Eau Dialga/Palkia
68%
008 Rosélia Plante Dialga/Palkia
68%
009 Roserade ◆◆ Plante Dialga/Palkia
68%
068 Tarsal Psy Dialga
68%
019 Vortente ◆◆ Plante Palkia
68%
158 Vortente Plante Palkia
68%
073 Baudrive Psy Dialga
64%
165 Baudrive Psy Dialga
64%
148 Casque Brut ◆◆ Outil Pokémon Palkia
64%
115 Cheniselle cape Déchet Métal Palkia
64%
016 Cheniselle cape Plante Plante Dialga/Palkia
64%
090 Cheniselle cape Sable Combat Dialga
64%
015 Cheniti Plante Dialga/Palkia
64%
108 Coatox ◆◆ Obscurité Dialga
64%
107 Cradopaud Obscurité Dialga
64%
173 Cradopaud Obscurité Dialga
64%
152 Cynthia ◆◆ Supporter Palkia
64%
192 Cynthia ★★ Supporter Palkia
64%
042 Écayon Eau Dialga/Palkia
64%
126 Évoli Incolore Dialga/Palkia
64%
074 Grodrive ◆◆ Psy Dialga
64%
094 Hippodocus ◆◆ Combat Palkia
64%
093 Hippopotas Combat Palkia
64%
171 Hippopotas Combat Palkia
64%
092 Lucario ◆◆◆ Combat Dialga
64%
170 Lucario Combat Dialga
64%
043 Luminéon ◆◆ Eau Dialga/Palkia
64%
014 Mélokrik Plante Palkia
64%
072 Noctunoir ◆◆◆ Psy Dialga
64%
091 Riolu Combat Dialga
64%
065 Togekiss ◆◆◆ Psy Dialga/Palkia
64%
143 Regigigas ◆◆◆ Incolore Dialga/Palkia
59%
179 Regigigas Incolore Dialga
59%
070 Skelénox Psy Dialga
59%
104 Spiritomb ◆◆ Obscurité Palkia
59%
172 Spiritomb Obscurité Palkia
59%
071 Téraclope ◆◆ Psy Dialga
59%
063 Togepi Psy Dialga/Palkia
59%
064 Togetic ◆◆ Psy Dialga/Palkia
59%
117 Archéodong ◆◆ Métal Dialga
55%
116 Archéomire Métal Dialga
55%
154 Aurore ◆◆ Supporter Dialga
55%
194 Aurore ★★ Supporter Dialga
55%
045 Blizzaroi ◆◆ Eau Dialga/Palkia
55%
044 Blizzi Eau Dialga/Palkia
55%
005 Bouldeneu ◆◆ Plante Dialga
55%
156 Bouldeneu Plante Dialga
55%
106 Drascore ◆◆ Obscurité Dialga/Palkia
55%
137 Laporeille Incolore Dialga
55%
138 Lockpin Incolore Dialga
55%
155 Mars ◆◆ Supporter Palkia
55%
195 Mars ★★ Supporter Palkia
55%
141 Pijako Incolore Palkia
55%
127 Porygon Incolore Palkia
55%
128 Porygon2 ◆◆ Incolore Palkia
55%
129 Porygon-Z ◆◆◆ Incolore Palkia
55%
105 Rapion Obscurité Dialga/Palkia
55%
082 Rhinastoc ◆◆◆ Combat Palkia
55%
169 Rhinastoc Combat Palkia
55%
080 Rhinocorne Combat Palkia
55%
081 Rhinoféros ◆◆ Combat Palkia
55%
004 Saquedeneu Plante Dialga
55%
151 Sbire de la Team Galaxie ◆◆ Supporter Dialga
55%
191 Sbire de la Team Galaxie ★★ Supporter Dialga
55%
086 Tarinor Combat Dialga/Palkia
55%
118 Tarinorme ◆◆ Métal Dialga/Palkia
55%
147 Cape Géante ◆◆ Outil Pokémon Dialga
50%
097 Corboss ◆◆ Obscurité Dialga
50%
096 Cornèbre Obscurité Dialga
50%
055 Électrode ◆◆ Électrique Dialga/Palkia
50%
054 Voltorbe Électrique Dialga/Palkia
50%
033 Mammochon ◆◆◆ Eau Dialga
45%
160 Mammochon Eau Dialga
45%
034 Regice ◆◆ Eau Palkia
45%
087 Regirock ◆◆ Combat Dialga/Palkia
45%
112 Registeel ◆◆ Métal Dialga
45%
083 Scorplane Combat Dialga
45%
084 Scorvol ◆◆ Combat Dialga
45%
153 Tanguy ◆◆ Supporter Dialga
45%
193 Tanguy ★★ Supporter Dialga
45%
149 Baie Prine ◆◆ Outil Pokémon Palkia
41%
032 Cochignon ◆◆ Eau Dialga
41%
144 Fossile Crâne ◆◆ Objet Dialga
41%
031 Marcacrin Eau Dialga
41%
111 Airmure ◆◆ Métal Dialga/Palkia
36%
003 Joliflor ◆◆ Plante Dialga/Palkia
36%
001 Mystherbe Plante Dialga/Palkia
36%
002 Ortide Plante Dialga/Palkia
36%
131 Capidextre Incolore Dialga/Palkia
32%
130 Capumain Incolore Dialga/Palkia
32%
085 Kapoera Combat Dialga
32%
025 Limagma Feu Dialga/Palkia
32%
026 Volcaropod ◆◆ Feu Dialga/Palkia
32%
145 Fossile Armure ◆◆ Objet Palkia
27%
101 Grahyèna ◆◆ Obscurité Dialga/Palkia
27%
100 Medhyèna Obscurité Dialga/Palkia
27%
146 Communication Pokémon ◆◆ Outil Pokémon Dialga
23%
Aucun quiz correspondant
Distribution des résultats
% des personnes avec chaque résultat
Percentile par nombre de réponses
Votre historique - résultats
Vous n’avez pas pris ce quiz